<?xml version="1.0" encoding="UTF-8"?>
<record
    xmlns:xsi="http://www.w3.org/2001/XMLSchema-instance"
    xsi:schemaLocation="http://www.loc.gov/MARC21/slim http://www.loc.gov/standards/marcxml/schema/MARC21slim.xsd"
    xmlns="http://www.loc.gov/MARC21/slim">

  <leader>00603caa a2200205   4500</leader>
  <datafield tag="999" ind1=" " ind2=" ">
    <subfield code="c">459719</subfield>
    <subfield code="d">459719</subfield>
  </datafield>
  <controlfield tag="001">216218709</controlfield>
  <controlfield tag="003">UA-OsUOA</controlfield>
  <controlfield tag="005">20200626125529.0</controlfield>
  <controlfield tag="008">200626b        un ||||| |||| 00| 0 ukr d</controlfield>
  <datafield tag="040" ind1=" " ind2=" ">
    <subfield code="a">UA-OsUOA</subfield>
    <subfield code="b">ukr</subfield>
    <subfield code="c">UA-OsUOA</subfield>
    <subfield code="d">UA-OsUOA</subfield>
  </datafield>
  <datafield tag="041" ind1=" " ind2=" ">
    <subfield code="a">ukr</subfield>
  </datafield>
  <datafield tag="080" ind1=" " ind2=" ">
    <subfield code="a">908</subfield>
  </datafield>
  <datafield tag="090" ind1=" " ind2=" ">
    <subfield code="a">908</subfield>
  </datafield>
  <datafield tag="100" ind1=" " ind2=" ">
    <subfield code="a">&#x412;&#x438;&#x445;&#x43E;&#x432;&#x430;&#x43D;&#x435;&#x446;&#x44C; &#x422;.</subfield>
  </datafield>
  <datafield tag="245" ind1=" " ind2=" ">
    <subfield code="a">&#x41D;&#x43E;&#x432;&#x43E;&#x43C;&#x430;&#x43B;&#x438;&#x43D;</subfield>
    <subfield code="c">&#x422;. &#x412;&#x438;&#x445;&#x43E;&#x432;&#x430;&#x43D;&#x435;&#x446;&#x44C;</subfield>
  </datafield>
  <datafield tag="300" ind1=" " ind2=" ">
    <subfield code="a">&#x421;. 148&#x2013;156</subfield>
  </datafield>
  <datafield tag="650" ind1=" " ind2=" ">
    <subfield code="2">UDC</subfield>
  </datafield>
  <datafield tag="773" ind1="0" ind2=" ">
    <subfield code="0">434474</subfield>
    <subfield code="9">456307</subfield>
    <subfield code="a">&#x412;&#x438;&#x445;&#x43E;&#x432;&#x430;&#x43D;&#x435;&#x446;&#x44C; &#x422;.</subfield>
    <subfield code="d">&#x41D;&#x435;&#x442;&#x456;&#x448;&#x438;&#x43D; 2016</subfield>
    <subfield code="o">162401</subfield>
    <subfield code="t">&#x427;&#x430;&#x441;&#x442;&#x438;&#x43D;&#x43A;&#x430; &#x456;&#x441;&#x442;&#x43E;&#x440;&#x456;&#x457;</subfield>
    <subfield code="z">9786177328307</subfield>
  </datafield>
  <datafield tag="942" ind1=" " ind2=" ">
    <subfield code="2">udc</subfield>
    <subfield code="c">BKA</subfield>
  </datafield>
</record>
